000
00196 a2200097 4500
001
3255
100
_a
Djelas, M
245
_a
Land without justice
260
_a
_b
Melhuen
_c
090
_c
2535
_d
2535
942
_a
NUST-CAE
_c
M
_c
17058
999
_c
238328
_d
238328